[Event "American Continental 13th"]
[Site "Medellin"]
[Date "2017.06.17"]
[Round "10"]
[White "Arango Arenas, Juan Camilo"]
[Black "Garcia, Gildardo"]
[Result "0-1"]
[WhiteElo "2198"]
[BlackElo "2396"]
[PlyCount "60"]
[EventDate "2017.06.10"]
[EventType "swiss"]
[EventRounds "11"]
[EventCountry "COL"]
[SourceTitle "CBM 178 Extra"]
[Source "ChessBase"]
[SourceDate "2017.06.22"]
[SourceVersion "1"]
[SourceVersionDate "2017.06.22"]
[SourceQuality "1"]

1. d4 Nf6 2. c4 e6 3. g3 d5 4. Nf3 Bb4+ 5. Bd2 Be7 6. Bg2 c6 7. Qc2 Nbd7 8. 0-0 b6 9. Bf4 Bb7 10. Nbd2 Nh5 11. e4 Nxf4 12. gxf4 dxe4 13. Nxe4 Qc7 14. f5 exf5 15. Neg5 h6 16. Nh3 g6 17. Rfe1 Kf8 18. Ne5 Nxe5 19. dxe5 Kg7 20. Re2 Rad8 21. Rae1 Bb4 22. Rc1 Rhe8 23. a3 Bc5 24. Rce1 Bd4 25. e6 fxe6 26. Rxe6 Rxe6 27. Rxe6 Bc8 28. Rxc6 Qe5 29. c5 Qe1+ 30. Bf1 Ba6 0-1

[Event "US Masters op"]
[Site "Greensboro"]
[Date "2015.08.28"]
[Round "2"]
[White "Garcia, Gildardo"]
[Black "Zherebukh, Yaroslav"]
[Result "0-1"]
[WhiteElo "2398"]
[BlackElo "2637"]
[PlyCount "120"]
[EventDate "2015.08.27"]
[EventType "swiss"]
[EventRounds "9"]
[EventCountry "USA"]
[SourceTitle "EXT 2016"]
[Source "ChessBase"]
[SourceDate "2015.10.08"]
[SourceVersion "1"]
[SourceVersionDate "2015.10.08"]
[SourceQuality "1"]

1. e4 c5 2. Nf3 e6 3. d4 cxd4 4. Nxd4 Nc6 5. Nc3 a6 6. Be2 Qc7 7. 0-0 Nf6 8. Be3 Be7 9. f4 d6 10. Qe1 0-0 11. Qg3 Bd7 12. Rad1 b5 13. a3 b4 14. axb4 Nxb4 15. Rd2 Kh8 16. Kh1 Bc6 17. Bf3 Bb7 18. Rfd1 d5 19. e5 Nd7 20. Ne4 h6 21. f5 dxe4 22. Nxe6 Qxe5 23. Bf4 fxe6 24. Bxe5 Nxe5 25. Qxe5 exf3 26. Qc7 fxg2+ 27. Kg1 Bf3 28. Qxe7 Nd5 29. Qa3 Bxd1 30. Rxd1 Rxf5 31. Kxg2 Rc8 32. Rd2 Rc4 33. h3 a5 34. Kh2 a4 35. Qd3 Rh4 36. c4 Nf6 37. Re2 Rc5 38. Rc2 e5 39. Qd8+ Kh7 40. Qd3+ e4 41. Qg3 Rhh5 42. Rg2 Rhg5 43. Qc3 Rge5 44. Qb4 Ra5 45. Qb7 Nh5 46. Re2 e3 47. b4 axb3 48. Qxb3 Nf4 49. Rxe3 Rf5 50. Qc2 Ng6 51. Rg3 Nh4 52. Qe4 g5 53. Rb3 Rae5 54. Qc2 Kg7 55. Rb7+ Kf6 56. Rb6+ Kg7 57. Rb5 Nf3+ 58. Kg3 Re3 59. Qf2 Nd2+ 60. Qxe3 Nf1+ 0-1

[Event "World op 43rd"]
[Site "Arlington"]
[Date "2015.07.03"]
[Round "5"]
[White "Garcia, Gildardo"]
[Black "Kovalyov, Anton"]
[Result "0-1"]
[WhiteElo "2389"]
[BlackElo "2613"]
[PlyCount "118"]
[EventDate "2015.07.01"]
[EventType "swiss"]
[EventRounds "9"]
[EventCountry "USA"]
[SourceTitle "CBM 167 Extra"]
[Source "ChessBase"]
[SourceDate "2015.09.14"]
[SourceVersion "1"]
[SourceVersionDate "2015.09.14"]
[SourceQuality "1"]

1. e4 c5 2. Nf3 d6 3. d4 cxd4 4. Nxd4 Nf6 5. Nc3 a6 6. Bg5 Nbd7 7. Bc4 Qb6 8. Bb3 e6 9. Qd2 Be7 10. 0-0-0 Nc5 11. Rhe1 Qc7 12. Kb1 h6 13. Bh4 0-0 14. e5 dxe5 15. Bg3 Nfd7 16. Nf3 Bf6 17. Qe3 b6 18. Nxe5 Nxe5 19. Bxe5 Bxe5 20. Qxe5 Qxe5 21. Rxe5 Bb7 22. f3 Rfd8 23. Kc1 g5 24. h4 g4 25. fxg4 Bxg2 26. Rg1 Bc6 27. g5 Kg7 28. Rf1 Ra7 29. gxh6+ Kxh6 30. Rg5 Re7 31. Ne2 Ne4 32. Re5 Nd2 33. Rf6+ Kg7 34. Rf4 Nxb3+ 35. axb3 f6 36. Re3 Kf7 37. Nd4 Bb7 38. h5 Rd5 39. Rh4 Red7 40. Rd3 Rd8 41. h6 Rh8 42. Rg3 Rg5 43. Rc3 Rc5 44. Rg3 Rh7 45. b4 Rg5 46. Rc3 Bd5 47. Rc8 b5 48. b3 e5 49. Nc6 Kg6 50. c4 Be6 51. Ra8 Rg1+ 52. Kb2 Rg2+ 53. Ka3 Kg5 54. Rh1 bxc4 55. Rxa6 cxb3 56. b5 b2 57. Nb4 Rxh6 58. Rb1 Rh3+ 59. Ka4 Bf5 0-1

[Event "World op 43rd"]
[Site "Arlington"]
[Date "2015.07.03"]
[Round "4"]
[White "Troff, Kayden W"]
[Black "Garcia, Gildardo"]
[Result "0-1"]
[WhiteElo "2545"]
[BlackElo "2389"]
[PlyCount "80"]
[EventDate "2015.07.01"]
[EventType "swiss"]
[EventRounds "9"]
[EventCountry "USA"]
[SourceTitle "CBM 167 Extra"]
[Source "ChessBase"]
[SourceDate "2015.09.14"]
[SourceVersion "1"]
[SourceVersionDate "2015.09.14"]
[SourceQuality "1"]

1. d4 Nf6 2. c4 e6 3. Nf3 d5 4. Nc3 Bb4 5. Bg5 h6 6. Bxf6 Qxf6 7. e3 dxc4 8. Bxc4 c5 9. Rc1 cxd4 10. Qa4+ Bd7 11. Qxb4 dxc3 12. Rxc3 Nc6 13. Qc5 Qe7 14. Qh5 g6 15. Qg4 e5 16. Qg3 g5 17. 0-0 f5 18. Nd2 0-0-0 19. Bd5 Kb8 20. Nc4 f4 21. Qf3 Bg4 22. Qe4 Bf5 23. Qxf5 Rxd5 24. Rd3 Rxd3 25. Qxd3 Rd8 26. Qe4 Qc5 27. h3 Qd5 28. Qc2 f3 29. g3 e4 30. Rc1 Nb4 31. Qb3 Nd3 32. Rd1 h5 33. Rf1 Rc8 34. Nd2 Qf5 35. Kh2 h4 36. g4 Qe5+ 37. Kh1 Nxf2+ 38. Rxf2 Qg3 39. Qd5 Rc1+ 40. Nf1 Rxf1+ 0-1

[Event "Washington op 2nd"]
[Site "Rockville"]
[Date "2013.08.06"]
[Round "2"]
[White "Garcia, Gildardo"]
[Black "Uesugi, Shinsaku"]
[Result "1-0"]
[WhiteElo "2393"]
[BlackElo "2292"]
[PlyCount "87"]
[EventDate "2013.08.06"]
[EventType "swiss"]
[EventRounds "9"]
[EventCountry "USA"]
[SourceTitle "EXT 2014"]
[Source "ChessBase"]
[SourceDate "2013.11.20"]
[SourceVersion "1"]
[SourceVersionDate "2013.11.20"]
[SourceQuality "1"]

1. e4 c5 2. Nf3 g6 3. c3 Nf6 4. e5 Nd5 5. d4 cxd4 6. cxd4 Bg7 7. Qb3 Nb6 8. Nc3 d6 9. Bb5+ Bd7 10. e6 fxe6 11. Qxe6 Nc6 12. Qe4 0-0 13. 0-0 Rxf3 14. Qxf3 Nxd4 15. Qd1 Nxb5 16. Qb3+ Kh8 17. Nxb5 Qg8 18. Nxa7 Qxb3 19. axb3 Nc8 20. Be3 Bxb2 21. Rab1 Bf6 22. Nxc8 Bxc8 23. Rfd1 Bf5 24. Rbc1 Ra3 25. b4 Rb3 26. Bd4 Kg7 27. Bxf6+ Kxf6 28. Rd4 b5 29. Re1 h5 30. h4 Kf7 31. f3 Bd3 32. Re3 Rb1+ 33. Kh2 Bc4 34. Rf4+ Ke8 35. Rf6 d5 36. Rfe6 d4 37. Rxe7+ Kf8 38. Re8+ Kf7 39. R3e7+ Kf6 40. Re4 Kf7 41. g4 hxg4 42. fxg4 Bd5 43. R4e7+ Kf6 44. g5+ 1-0

[Event "Bogota op 10"]
[Site "Bogota"]
[Date "2012.10.19"]
[Round "9"]
[White "Garcia, Gildardo"]
[Black "Alvarez Pedraza, Aramis"]
[Result "0-1"]
[WhiteElo "2392"]
[BlackElo "2526"]
[PlyCount "91"]
[EventDate "2012.10.11"]
[EventType "swiss"]
[EventRounds "9"]
[EventCountry "COL"]
[SourceTitle "EXT 2013"]
[Source "ChessBase"]
[SourceDate "2012.11.22"]
[SourceVersion "1"]
[SourceVersionDate "2012.11.22"]
[SourceQuality "1"]

1. e4 e6 2. d4 d5 3. Nc3 Nf6 4. Bg5 Bb4 5. e5 h6 6. Be3 Ne4 7. Qg4 g6 8. a3 Bxc3+ 9. bxc3 c5 10. Bd3 h5 11. Qf3 Nxc3 12. dxc5 Nc6 13. Qf4 d4 14. Bd2 g5 15. Qxg5 Qxg5 16. Bxg5 Nxe5 17. Bf6 Nxd3+ 18. cxd3 Rg8 19. Bxd4 Nd5 20. Ne2 Bd7 21. 0-0 Bc6 22. f3 0-0-0 23. Rab1 e5 24. Ba1 Ne3 25. Rf2 Rxd3 26. Bxe5 Nc4 27. Bf4 h4 28. Rc1 Nxa3 29. Rc3 Rxc3 30. Nxc3 Nc4 31. Ne4 f5 32. Nd6+ Nxd6 33. Bxd6 h3 34. Kf1 Bb5+ 35. Kg1 Bc6 36. Kf1 Bb5+ 37. Kg1 a5 38. Kh1 a4 39. gxh3 Bc6 40. h4 a3 41. h3 Bd5 42. Kh2 a2 43. Be5 Re8 44. Bd4 Re1 45. Rd2 f4 46. Rf2 0-1

[Event "Los Angeles Metropolitan 22nd"]
[Site "Los Angeles"]
[Date "2012.08.17"]
[Round "6"]
[White "Harmon, Leland"]
[Black "Garcia, Gildardo"]
[Result "1/2-1/2"]
[WhiteElo "2297"]
[BlackElo "2390"]
[PlyCount "60"]
[EventDate "2012.08.14"]
[EventType "swiss"]
[EventRounds "9"]
[EventCountry "USA"]
[SourceTitle "CBM 150 Extra"]
[Source "ChessBase"]
[SourceDate "2012.10.19"]
[SourceVersion "1"]
[SourceVersionDate "2012.10.19"]
[SourceQuality "1"]

1. d4 Nf6 2. c4 g6 3. Nc3 d5 4. Nf3 Bg7 5. Bg5 Ne4 6. Bh4 Nxc3 7. bxc3 c5 8. cxd5 Qxd5 9. e3 Nc6 10. Be2 cxd4 11. cxd4 0-0 12. 0-0 Bf5 13. Nd2 Rfe8 14. Bf3 Qb5 15. Qb3 a6 16. a4 Qxb3 17. Nxb3 e5 18. dxe5 Nxe5 19. Bxb7 Rab8 20. Na5 Nd3 21. Bxa6 Bxa1 22. Rxa1 Ra8 23. Bb5 Re4 24. Bxd3 Rxh4 25. Bxf5 gxf5 26. Nc6 Rhxa4 27. Rxa4 Rxa4 28. g3 Kg7 29. Kg2 Kf6 30. Kf3 Rc4 1/2-1/2

[Event "Philadelphia int op 9th"]
[Site "Philadelphia"]
[Date "2012.07.03"]
[Round "9"]
[White "Anuprita, Patil"]
[Black "Garcia, Gildardo"]
[Result "1/2-1/2"]
[WhiteElo "2101"]
[BlackElo "2414"]
[PlyCount "83"]
[EventDate "2012.06.29"]
[EventType "swiss"]
[EventRounds "9"]
[EventCountry "USA"]
[SourceTitle "CBM 149 Extra"]
[Source "ChessBase"]
[SourceDate "2012.08.24"]
[SourceVersion "1"]
[SourceVersionDate "2012.08.24"]
[SourceQuality "1"]

1. d4 Nf6 2. Nf3 g6 3. g3 Bg7 4. Bg2 c5 5. c4 cxd4 6. Nxd4 Nc6 7. Nc2 d6 8. Nc3 0-0 9. 0-0 Bd7 10. b3 a6 11. Bb2 Rb8 12. Rc1 b5 13. Nd5 Ne8 14. Bxg7 Nxg7 15. Nce3 bxc4 16. Rxc4 Ne5 17. Rc2 Nf5 18. Nxf5 Bxf5 19. e4 Bg4 20. f3 Be6 21. f4 Bxd5 22. exd5 Nd7 23. Qd4 a5 24. Rc6 Nc5 25. Re1 Rb4 26. Qe3 Re8 27. f5 Nd7 28. Rxd6 exd6 29. Qxe8+ Qxe8 30. Rxe8+ Kg7 31. fxg6 hxg6 32. Rd8 Nc5 33. Rxd6 a4 34. Rc6 axb3 35. axb3 Nxb3 36. Rc2 Nd4 37. Ra2 Kf6 38. Rf2+ Nf5 39. h3 Ke5 40. g4 Nd6 41. Kh2 g5 42. Re2+ 1/2-1/2

[Event "COL-ch"]
[Site "El Bagre"]
[Date "2012.06.08"]
[Round "9"]
[White "Torres, Juan Camilo"]
[Black "Garcia, Gildardo"]
[Result "1-0"]
[WhiteElo "2337"]
[BlackElo "2414"]
[PlyCount "43"]
[EventDate "2012.06.02"]
[EventType "tourn"]
[EventRounds "11"]
[EventCountry "COL"]
[SourceTitle "EXT 2014"]
[Source "ChessBase"]
[SourceDate "2013.11.20"]
[SourceVersion "1"]
[SourceVersionDate "2013.11.20"]
[SourceQuality "1"]

1. d4 d5 2. c4 e5 3. dxe5 d4 4. a3 Nc6 5. Nf3 Bg4 6. Nbd2 Qe7 7. b4 0-0-0 8. Qa4 Kb8 9. Bb2 Nxe5 10. 0-0-0 Bxf3 11. exf3 Qe6 12. Re1 g5 13. h4 Bg7 14. hxg5 Qf5 15. Re4 Ng6 16. g3 N8e7 17. f4 h6 18. Bh3 hxg5 19. Bxf5 Rxh1+ 20. Kc2 d3+ 21. Kb3 Nxf5 22. Qd7 1-0

[Event "COL-ch"]
[Site "El Bagre"]
[Date "2012.06.05"]
[Round "6"]
[White "Garcia, Gildardo"]
[Black "Castro Rojas, Oscar Humberto"]
[Result "1-0"]
[WhiteElo "2414"]
[BlackElo "2370"]
[PlyCount "73"]
[EventDate "2012.06.02"]
[EventType "tourn"]
[EventRounds "11"]
[EventCountry "COL"]
[SourceTitle "EXT 2014"]
[Source "ChessBase"]
[SourceDate "2013.11.20"]
[SourceVersion "1"]
[SourceVersionDate "2013.11.20"]
[SourceQuality "1"]

1. e4 e5 2. Nf3 Nc6 3. Bb5 a6 4. Ba4 Nf6 5. 0-0 Be7 6. d3 d6 7. c3 0-0 8. Re1 Re8 9. Nbd2 Bf8 10. Nf1 b5 11. Bb3 Na5 12. Bc2 c5 13. Ng3 Nc6 14. a4 b4 15. h3 g6 16. Bb3 Rb8 17. Bg5 h6 18. Bxf6 Qxf6 19. Bd5 Ne7 20. Bc4 h5 21. d4 exd4 22. e5 dxe5 23. Ne4 Qb6 24. a5 Qd8 25. Nxe5 Be6 26. Bxe6 fxe6 27. Nf6+ Kg7 28. Nxe8+ Qxe8 29. cxd4 Nf5 30. dxc5 Rd8 31. Qc2 Rd5 32. c6 Bd6 33. Nd3 Nd4 34. Qc4 Qxc6 35. Rac1 Qxc4 36. Rxc4 Kf6 37. Nxb4 1-0

[Event "COL-ch"]
[Site "El Bagre"]
[Date "2012.06.03"]
[Round "2"]
[White "Garcia, Gildardo"]
[Black "Rios, Cristhian Camilo"]
[Result "1-0"]
[WhiteElo "2414"]
[BlackElo "2372"]
[PlyCount "59"]
[EventDate "2012.06.02"]
[EventType "tourn"]
[EventRounds "11"]
[EventCountry "COL"]
[SourceTitle "EXT 2014"]
[Source "ChessBase"]
[SourceDate "2013.11.20"]
[SourceVersion "1"]
[SourceVersionDate "2013.11.20"]
[SourceQuality "1"]

1. e4 c5 2. Nf3 e6 3. d4 cxd4 4. Nxd4 Nf6 5. Nc3 d6 6. g4 h6 7. h4 Nc6 8. Rg1 h5 9. gxh5 Nxh5 10. Bg5 Nf6 11. Qd2 Qb6 12. Nb3 a6 13. 0-0-0 Qc7 14. f4 Nh7 15. f5 Nxg5 16. hxg5 Ne5 17. Nd4 g6 18. Rg3 b5 19. fxe6 fxe6 20. Bh3 Qe7 21. b3 Nf7 22. e5 Nxe5 23. Ne4 Bg7 24. Rf1 Rf8 25. Re1 d5 26. Nf6+ Rxf6 27. gxf6 Bxf6 28. Kb1 Bd7 29. Rge3 Bg5 30. Qh2 1-0

[Event "Manhattan op"]
[Site "New York"]
[Date "2011.08.19"]
[Round "4"]
[White "Zenyuk, Iryna"]
[Black "Garcia, Gildardo"]
[Result "1/2-1/2"]
[WhiteElo "2222"]
[BlackElo "2368"]
[PlyCount "83"]
[EventDate "2011.08.17"]
[EventType "swiss"]
[EventRounds "9"]
[EventCountry "USA"]
[SourceTitle "CBM 143 Extra"]
[Source "ChessBase"]
[SourceDate "2011.08.29"]
[SourceVersion "1"]
[SourceVersionDate "2011.08.29"]
[SourceQuality "1"]

1. d4 Nf6 2. c4 g6 3. Nc3 Bg7 4. e4 d6 5. Nf3 Bg4 6. d5 c6 7. Be2 cxd5 8. cxd5 0-0 9. 0-0 a6 10. Be3 b5 11. Nd4 Bxe2 12. Qxe2 b4 13. Na4 Nxe4 14. Nc6 Nxc6 15. dxc6 d5 16. Nb6 d4 17. Nxa8 dxe3 18. Qxe3 Qd5 19. Nb6 Qxc6 20. Rac1 Qb7 21. Rc4 Nd6 22. Rxb4 a5 23. Rb3 Nf5 24. Qc5 Nd4 25. Re3 e6 26. Na4 f5 27. Qb6 Qf7 28. Nc5 f4 29. Rxe6 f3 30. Re3 Ne2+ 31. Kh1 fxg2+ 32. Kxg2 Qd5+ 33. Ne4 Bd4 34. Qb3 Nf4+ 35. Kh1 Bxe3 36. fxe3 Qxb3 37. axb3 Nd5 38. Rxf8+ Kxf8 39. Nd6 Nxe3 40. Nb7 Nd1 41. Nxa5 Nxb2 42. Nc6 1/2-1/2

[Event "Bogota McGregor op 1st"]
[Site "Bogota"]
[Date "2010.12.07"]
[Round "8"]
[White "Martinez Zuluaica, Julian"]
[Black "Garcia, Gildardo"]
[Result "1-0"]
[WhiteElo "2151"]
[BlackElo "2378"]
[PlyCount "105"]
[EventDate "2010.12.03"]
[EventType "swiss"]
[EventRounds "10"]
[EventCountry "COL"]
[SourceTitle "CBM 139 Extra"]
[Source "ChessBase"]
[SourceDate "2011.01.05"]
[SourceVersion "1"]
[SourceVersionDate "2011.01.05"]
[SourceQuality "1"]

1. d4 d5 2. c4 e5 3. e3 exd4 4. Qxd4 Nc6 5. Qxd5 Qxd5 6. cxd5 Nb4 7. Bb5+ c6 8. dxc6 bxc6 9. a3 cxb5 10. axb4 Bb7 11. Nf3 Nf6 12. 0-0 Bxb4 13. Nd4 a6 14. Bd2 Bc5 15. Nb3 Bb6 16. Bb4 Rc8 17. Nc3 Rc4 18. Ba5 Ba7 19. Rfd1 Ke7 20. Nd2 Rg4 21. g3 Rc8 22. h3 Rg5 23. Bb4+ Ke8 24. Nb3 h5 25. h4 Rg4 26. Bd6 b4 27. Nb5 Bb6 28. N5d4 Ne4 29. Bxb4 Nxg3 30. fxg3 Rxg3+ 31. Kf2 Rh3 32. Bd6 Rxh4 33. Rac1 Rxc1 34. Rxc1 Rg4 35. Nc5 Bd5 36. Nxa6 Kd7 37. Bc5 Rg2+ 38. Kf1 Rxb2 39. Nb8+ Kd8 40. Nbc6+ Ke8 41. Ne5 f6 42. Nd3 Rd2 43. Bxb6 Rxd3 44. Ke2 Ra3 45. Rc5 Ra2+ 46. Kd3 Ra3+ 47. Kd2 Ra2+ 48. Kc3 Be4 49. Rc7 h4 50. Ne6 Rc2+ 51. Kd4 h3 52. Bc5 Rxc5 53. Kxc5 1-0

[Event "Pan American Continental"]
[Site "Cali"]
[Date "2010.11.22"]
[Round "9"]
[White "Cori, Jorge Moise"]
[Black "Garcia, Gildardo"]
[Result "1-0"]
[WhiteElo "2496"]
[BlackElo "2378"]
[PlyCount "95"]
[EventDate "2010.11.17"]
[EventType "swiss"]
[EventRounds "9"]
[EventCountry "COL"]
[SourceTitle "CBM 139 Extra"]
[Source "ChessBase"]
[SourceDate "2011.01.05"]
[SourceVersion "1"]
[SourceVersionDate "2011.01.05"]
[SourceQuality "1"]
[WhiteTeam "Peru"]
[WhiteTeamCountry "PER"]

1. d4 Nf6 2. Nf3 d5 3. c4 dxc4 4. e3 Bg4 5. Bxc4 e6 6. Nc3 Nbd7 7. 0-0 a6 8. Be2 c5 9. d5 exd5 10. Nxd5 Bd6 11. h3 Be6 12. Nc3 Qc7 13. Ng5 0-0 14. f4 b5 15. e4 b4 16. e5 bxc3 17. exd6 Qb6 18. Nxe6 cxb2 19. Bxb2 fxe6 20. Rb1 c4+ 21. Qd4 Qxd4+ 22. Bxd4 Rac8 23. Rbc1 Rc6 24. Bxc4 Rxd6 25. Be5 Rb6 26. Bc7 Rc6 27. Bd5 Rc5 28. Bxe6+ Kh8 29. Bd6 Rxc1 30. Rxc1 Re8 31. f5 Nf8 32. Bf7 Rd8 33. Be7 Rb8 34. Rc6 Ng8 35. Bd6 Ra8 36. Bc4 a5 37. Ra6 Rxa6 38. Bxa6 Nd7 39. Bb5 Ndf6 40. Bc6 h5 41. a4 Nh6 42. Bc7 Nxf5 43. Bxa5 Nd4 44. Bb7 Nd7 45. Bb4 Nc2 46. Be7 Ne3 47. a5 Kg8 48. a6 1-0

[Event "Pan American Continental"]
[Site "Cali"]
[Date "2010.11.18"]
[Round "4"]
[White "Guerra Tulcan, Lenin"]
[Black "Garcia, Gildardo"]
[Result "1/2-1/2"]
[WhiteElo "2350"]
[BlackElo "2378"]
[PlyCount "35"]
[EventDate "2010.11.17"]
[EventType "swiss"]
[EventRounds "9"]
[EventCountry "COL"]
[SourceTitle "CBM 139 Extra"]
[Source "ChessBase"]
[SourceDate "2011.01.05"]
[SourceVersion "1"]
[SourceVersionDate "2011.01.05"]
[SourceQuality "1"]

1. e4 c5 2. Nf3 d6 3. d4 cxd4 4. Nxd4 Nf6 5. Nc3 a6 6. Be2 e5 7. Nf3 Be7 8. 0-0 h6 9. a4 Nc6 10. b3 0-0 11. Bb2 Be6 12. Re1 Rc8 13. Bf1 Bg4 14. h3 Bxf3 15. Qxf3 Nd4 16. Qd1 b5 17. Bd3 Qb6 18. Qd2 1/2-1/2

[Event "Cartago op"]
[Site "Cartago"]
[Date "2010.10.31"]
[Round "3"]
[White "Garcia, Gildardo"]
[Black "Prieto, Ernesto"]
[Result "0-1"]
[WhiteElo "2378"]
[BlackElo "2102"]
[PlyCount "60"]
[EventDate "2010.10.30"]
[EventType "swiss"]
[EventRounds "7"]
[EventCountry "COL"]
[SourceTitle "EXT 2011"]
[Source "ChessBase"]
[SourceDate "2010.11.26"]
[SourceVersion "1"]
[SourceVersionDate "2010.11.26"]
[SourceQuality "1"]

1. e4 e5 2. Nf3 Nf6 3. Nxe5 d6 4. Nf3 Nxe4 5. d4 d5 6. Bd3 Nc6 7. 0-0 Be7 8. c4 Nb4 9. Be2 0-0 10. a3 Nc6 11. Nc3 Nxc3 12. bxc3 Bf5 13. Re1 Bf6 14. Bf4 dxc4 15. Bxc4 Na5 16. Ba2 c5 17. Ne5 cxd4 18. cxd4 Nc6 19. d5 Nxe5 20. Bxe5 Bxe5 21. Rxe5 Qf6 22. Qd4 Rac8 23. d6 b6 24. Rae1 Rc2 25. Bd5 Bd7 26. f4 Rfc8 27. Rd1 R2c5 28. Bb7 Rb8 29. Bd5 Kh8 30. Bxf7 Rxe5 0-1

[Event "Medellin IRT op 17th"]
[Site "Medellin"]
[Date "2010.08.05"]
[Round "3"]
[White "Morales, Jhon Alexander"]
[Black "Garcia, Gildardo"]
[Result "0-1"]
[WhiteElo "2301"]
[BlackElo "2389"]
[PlyCount "70"]
[EventDate "2010.08.04"]
[EventType "swiss"]
[EventRounds "9"]
[EventCountry "COL"]
[SourceTitle "EXT 2012"]
[Source "ChessBase"]
[SourceDate "2011.11.24"]
[SourceVersion "1"]
[SourceVersionDate "2011.11.24"]
[SourceQuality "1"]

1. e4 c5 2. Nf3 Nc6 3. d4 cxd4 4. Nxd4 g6 5. Nc3 Bg7 6. Be3 Nf6 7. Bc4 Qa5 8. 0-0 d6 9. h3 0-0 10. Bb3 Bd7 11. Re1 Rfc8 12. f4 Nxd4 13. Bxd4 e5 14. fxe5 dxe5 15. Bf2 Be6 16. Qf3 Re8 17. Rad1 Rac8 18. Kh1 h6 19. Be3 Kh7 20. Bd2 Qa6 21. Be3 Red8 22. Rxd8 Rxd8 23. Rd1 Rxd1+ 24. Qxd1 Bxb3 25. axb3 b6 26. Kh2 Qb7 27. Qd3 Qc6 28. Bf2 Bf8 29. Bg3 Qe6 30. Bh4 Bc5 31. Qf3 g5 32. Bg3 Kg6 33. Bf2 g4 34. Qe2 Bd4 35. Nd5 Bxf2 0-1

[Event "COL-ch"]
[Site "El Bagre"]
[Date "2010.06.28"]
[Round "6"]
[White "Garcia, Gildardo"]
[Black "Barrientos Chavarriaga, Sergio E"]
[Result "0-1"]
[WhiteElo "2389"]
[BlackElo "2477"]
[PlyCount "85"]
[EventDate "2010.06.25"]
[EventType "tourn"]
[EventRounds "11"]
[EventCountry "COL"]
[EventCategory "5"]
[SourceTitle "CBM 137 Extra"]
[Source "ChessBase"]
[SourceDate "2010.09.01"]
[SourceVersion "1"]
[SourceVersionDate "2010.09.01"]
[SourceQuality "1"]

1. e4 c5 2. Nc3 a6 3. g3 b5 4. Bg2 Bb7 5. d3 e6 6. Nf3 Ne7 7. 0-0 d5 8. exd5 Nxd5 9. Nxd5 Bxd5 10. c4 Bc6 11. Ne5 Bxg2 12. Kxg2 Nd7 13. Bg5 Qxg5 14. Qf3 Qxe5 15. Qxa8+ Nb8 16. Qb7 Be7 17. b4 cxb4 18. Rac1 Qd6 19. Kg1 Bd8 20. cxb5 axb5 21. Qxb5+ Nd7 22. Rc6 Qb8 23. Qxb8 Nxb8 24. Rc8 Nd7 25. Rc4 Ke7 26. Rxb4 Bb6 27. Rfb1 Bc5 28. Rc4 Ra8 29. Rb7 Ra5 30. d4 Bb6 31. Rb4 Ra6 32. a4 Kd6 33. Rc4 f5 34. Kf1 g5 35. Ke2 h5 36. f3 g4 37. fxg4 hxg4 38. Kd2 Nf6 39. Kd3 Nd5 40. Rb8 Ra7 41. Rh8 Bc7 42. Rh7 Rb7 43. Kd2 0-1

[Event "COL-ch"]
[Site "El Bagre"]
[Date "2010.06.27"]
[Round "4"]
[White "Garcia, Gildardo"]
[Black "Castano, Duvan Martin"]
[Result "0-1"]
[WhiteElo "2389"]
[BlackElo "2316"]
[PlyCount "86"]
[EventDate "2010.06.25"]
[EventType "tourn"]
[EventRounds "11"]
[EventCountry "COL"]
[EventCategory "5"]
[SourceTitle "CBM 137 Extra"]
[Source "ChessBase"]
[SourceDate "2010.09.01"]
[SourceVersion "1"]
[SourceVersionDate "2010.09.01"]
[SourceQuality "1"]

1. e4 c5 2. Nc3 e6 3. Nf3 d6 4. g3 Nf6 5. d3 Nc6 6. Bg2 Be7 7. 0-0 0-0 8. Re1 Rb8 9. d4 cxd4 10. Nxd4 Na5 11. Ndb5 Nc6 12. Bf4 Ne8 13. a4 a6 14. Nd4 e5 15. Nxc6 bxc6 16. Bc1 a5 17. b3 Nc7 18. Be3 Be6 19. Qh5 Qc8 20. Qd1 Rd8 21. f4 f6 22. Bf2 d5 23. exd5 Bb4 24. Qd3 Nxd5 25. Nxd5 Bxd5 26. Red1 Bxg2 27. Qxd8+ Qxd8 28. Rxd8+ Rxd8 29. Kxg2 exf4 30. c3 Bxc3 31. Rc1 Rd3 32. gxf4 h5 33. Kf1 Bb4 34. Rxc6 Rxb3 35. Kg2 Ra3 36. f5 Rxa4 37. Kf3 Bd2 38. Rd6 Bf4 39. Rd8+ Kh7 40. h4 Be5 41. Ra8 Rf4+ 42. Ke2 Bc3 43. Rc8 Bb4 0-1

[Event "COL-ch"]
[Site "El Bagre"]
[Date "2010.06.26"]
[Round "2"]
[White "Garcia, Gildardo"]
[Black "Gallego Alcaraz, Andres Felipe"]
[Result "1-0"]
[WhiteElo "2389"]
[BlackElo "2381"]
[PlyCount "117"]
[EventDate "2010.06.25"]
[EventType "tourn"]
[EventRounds "11"]
[EventCountry "COL"]
[EventCategory "5"]
[SourceTitle "CBM 137 Extra"]
[Source "ChessBase"]
[SourceDate "2010.09.01"]
[SourceVersion "1"]
[SourceVersionDate "2010.09.01"]
[SourceQuality "1"]

1. e4 c5 2. Nf3 e6 3. d3 d5 4. Nbd2 Nc6 5. g3 Bd6 6. Bg2 Nge7 7. 0-0 0-0 8. Re1 Bc7 9. c3 d4 10. Nb3 b6 11. cxd4 cxd4 12. e5 Rb8 13. Bg5 Re8 14. Rc1 Bb7 15. Nbxd4 Nxd4 16. Nxd4 Bxg2 17. Kxg2 Bxe5 18. Nxe6 Qd5+ 19. Qf3 Bxb2 20. Rc2 Qxf3+ 21. Kxf3 Nd5 22. Rxb2 Rxe6 23. Rxe6 fxe6 24. Rc2 Kf7 25. Ke4 Ke8 26. f4 g6 27. g4 Kd7 28. f5 gxf5+ 29. gxf5 Rf8 30. fxe6+ Kxe6 31. Rc6+ Kd7 32. Kxd5 Rf5+ 33. Ke4 Rxg5 34. Rh6 Rg7 35. d4 Rg4+ 36. Ke5 Rg5+ 37. Ke4 Rg4+ 38. Kd5 Rg5+ 39. Kc4 Rg7 40. h4 Kc7 41. a4 Rf7 42. a5 Kb7 43. axb6 axb6 44. h5 Kc7 45. Re6 Rd7 46. Rh6 Rf7 47. Re6 Rd7 48. h6 Rf7 49. Kd5 Rd7+ 50. Ke5 b5 51. d5 b4 52. Rc6+ Kd8 53. Rb6 Re7+ 54. Kd6 Rd7+ 55. Kc5 Rf7 56. Rxb4 Rf6 57. Rb6 Rf7 58. Rb8+ Ke7 59. Rb7+ 1-0

[Event "COL-ch"]
[Site "El Bagre"]
[Date "2010.06.26"]
[Round "3"]
[White "Tovio, Israel"]
[Black "Garcia, Gildardo"]
[Result "0-1"]
[WhiteElo "2287"]
[BlackElo "2389"]
[PlyCount "96"]
[EventDate "2010.06.25"]
[EventType "tourn"]
[EventRounds "11"]
[EventCountry "COL"]
[EventCategory "5"]
[SourceTitle "CBM 137 Extra"]
[Source "ChessBase"]
[SourceDate "2010.09.01"]
[SourceVersion "1"]
[SourceVersionDate "2010.09.01"]
[SourceQuality "1"]

1. e4 Nf6 2. e5 Nd5 3. d4 d6 4. Bc4 Nb6 5. Bb3 dxe5 6. Qh5 e6 7. dxe5 c5 8. c3 Qd3 9. Qf3 Qxf3 10. Nxf3 Bd7 11. 0-0 Bc6 12. Nbd2 N8d7 13. Re1 Be7 14. a4 g5 15. a5 Nd5 16. Nc4 Nf4 17. Bxf4 gxf4 18. Ba4 Bd5 19. Ncd2 0-0-0 20. c4 Bxf3 21. Nxf3 Nf8 22. a6 b6 23. Rad1 Ng6 24. Kf1 Kc7 25. Bc2 Rhg8 26. Ke2 f5 27. Rxd8 Rxd8 28. Rd1 Rxd1 29. Bxd1 h6 30. Ba4 Kd8 31. g3 fxg3 32. hxg3 Bf8 33. Bb5 Bg7 34. b4 Bxe5 35. bxc5 bxc5 36. Nd2 Bc3 37. Nb3 Bb4 38. f4 Ke7 39. Nc1 Kd6 40. Nd3 Bc3 41. Kf3 Ne7 42. g4 Bd4 43. Kg3 fxg4 44. Kxg4 Nf5 45. Kh5 Ke7 46. Kg6 Nd6 47. Ne5 Bxe5 48. fxe5 Nf7 0-1